| 000 | 00590nam a2200205 a 4500 | ||
|---|---|---|---|
| 005 | 20230316063609.0 | ||
| 008 | 170901s2007 mx r 000 0 spa d | ||
| 020 | _a9789703706440 | ||
| 035 | _aUPN01000220124 | ||
| 049 | _aI | ||
| 050 | 4 |
_aPZ7 _bG8.3 |
|
| 100 | 1 |
_aGunson, Dave, _d1948- _941998 |
|
| 245 | 1 | 4 |
_aUna casa / _c[texto] e il. Dave Gunzon ; tr. Elena García. |
| 260 |
_aMéxico : _bDestino, _c2007. |
||
| 300 |
_a16 p. : _bprincipalmente il. col. |
||
| 650 | 4 |
_aCuentos infantiles ingleses _910002 |
|
| 650 | 4 |
_aMONSTRUOS _921108 |
|
| 905 | _aInfantil | ||
| 999 |
_c192223 _d192223 |
||